La masacre del Seguro Obrero: 5 de septiembre de 1938. A la luz de las investigaciones de la Cámara de Diputados y del Juzgado Militar

Saved in:
Bibliografiske detaljer
Hovedforfatter: Bravo Valdivieso, Germán (Author)
Format: Bog
Sprog:spansk
Udgivet: Valparaíso, Chile Cámara de Diputados. Congreso Nacional de Chile 2013
Fag:
Tags: Tilføj Tag
Ingen Tags, Vær først til at tagge denne postø!

MARC

LEADER 00000cam a2200000 a 4500
001 UCE1306
003 CL-VaPUC
005 20211009074543.0
008 140407e20130500cl |||||||||||||||||spa|d
999 |c 355137  |d 355135 
020 |a 9789563530186 
040 |c Pontificia Universidad Católica de Valparaíso 
082 0 4 |a 983.0646 BRA 2013  |2 21 
100 0 |a Bravo Valdivieso, Germán  |e author  |9 573642 
245 1 3 |a La masacre del Seguro Obrero:  |b  5 de septiembre de 1938. A la luz de las investigaciones de la Cámara de Diputados y del Juzgado Militar 
260 |a Valparaíso, Chile  |b Cámara de Diputados. Congreso Nacional de Chile  |c 2013 
300 |a 364 páginas 
583 |a last modification  |c 20140407 11:30:00  |k Rodrigo Vera 
610 |2 SEGURO OBRERO  |z CHILE  |9 856560 
650 0 |a Historia de Chile siglo 20  |y SIGLO 20  |9 268145 
650 7 |a OBREROS  |2 CL-VaPUC  |9 358117  |z CHILE 
650 7 |a MASACRE DEL SEGURO OBRERO  |2 CL-VaPUC  |9 320989  |y 1938  |z SANTIAGO  |z CHILE 
852 |a BIBCUR 
942 |c BK  |2 ddc 
945 |d 20140407 11:30:00  |a dcastane 
952 |0 0  |1 0  |2 ddc  |3 erb  |4 0  |6 983_064600000000000_BRA_2013  |7 0  |8 A  |9 461525  |a BIBHIS  |b BIBHIS  |i 5065623  |l 1  |o 983.0646 BRA 2013  |p 5065623  |r 2025-01-20  |s 2024-12-03  |t 1  |w 2019-11-23  |y BK  |z Catalogado en:20140407  |k HIS